000 00856cam a2200301 i 4500
001 768714001
003 CO-MdFUSB
005 20250603092847.0
007 ta
008 250529t1973 -sp||||| |||| 00| 0 spa d
040 _cCO-MdFUSB
041 0 _aspa
082 0 4 _223
_a248.5
_bV2171a
100 1 _aVan Woerden, Pedro
_eautor
245 1 0 _aAventuras de guerra y paz
_c/ Pedro Van Woerden ; traducido y editado por Samuel Vila
250 _aquinta edición
264 1 _bClie,
_aTerrassa, Barcelona, España :
_c[1973]
264 4 _c©1973
300 _a180 páginas
336 _atexto
_btxt
_2rdacontent
337 _2rdamedia
_asin mediación
_bn
338 _2rdacarrier
_avolumen
_bnc
563 _aRústico
650 0 _aVida cristiana
_919
700 _aVila, Samuel,
_92027
_eeditor
_etraductor
942 _cBK
945 _aMiguel Gómez
999 _c36114
_d36114